00963ntm a22002297a 450000500170000000800410001704000280005808200170008610000300010324501150013326000100024830000390025850001820029759000170047965000400049665300230053665500240055977700240058394200080060799900170061595201010063220170823142002.0170802s2011 xx a frb 000 0 eng d aEG-ScBUEbengcEG-ScBUE04222a624bFOU1 aFoud, Mohamed Adel Ahmed.10aLean Construction as a competitve advantage in the Egyption construction market /cby Mohamed Adel Ahmed Foud. c2011. aix, 64 p. :bill. (col.) ;c28 cm. aA dissertation submitted to the faculty of engineering. the British university in Egypt, in partial fulfillment of the requirements for the bachelor degree in civil engineering. abasant mousa 72BUEshaCivil Engineering.vProjects bENGCIVcAugust2017 vProjects - Students AProjects - Students 2ddc c25441d25413 00102ddc4070aMAINbMAINc2NDd2017-08-23l0o624 FOUp000046658r2025-07-15 00:00:00yPROJST